[Event "DVM U20w 2014"]
[Site "Naumburg (Saale) GER"]
[Date "2014.12.28"]
[Round "3"]
[White "Schulze, Lara"]
[Black "Koch, Elisabeth"]
[Result "1-0"]
[Termination "normal"]
[Board "1.2"]
[WhiteElo "1662"]
[BlackElo "1650"]
[WhiteClock "00:50:13"]
[BlackClock "00:30:54"]
[WhiteTeam "SK Lehrte"]
[BlackTeam "BSV 63 Chemie Weißensee"]
[PlyCount "90"]
[WhiteFideId "12956830"]
[BlackFideId "24695068"]
[EventCountry "GER"]
[EventRounds "7"]
[EventType "team-swiss"]
[EventDate "2014.12.26"]

1. d4 d5 2. c4 e6 3. Nc3 Nf6 4. Bg5 Be7 5. Nf3 O-O 6. e3 b6 7. Be2 h6 8. Bh4
Bb7 9. Bxf6 Bxf6 10. cxd5 exd5 11. b4 Nc6 12. Qb3 Ne7 13. O-O Ng6 14. Rac1 c6
15. Rfd1 Qd7 16. b5 cxb5 17. Bxb5 Qd6 18. Bd3 a6 19. Bxg6 fxg6 20. e4 Bd8 21.
Nxd5 Bxd5 22. exd5 g5 23. Rc6 Qf4 24. d6+ Kh8 25. Qe3 Qf5 26. Ne5 Rf6 27. Rdc1
Rf8 28. d7 Bf6 29. g4 Qh7 30. Rc8 Bxe5 31. Qxe5 Qg8 32. Qc7 Qxa2 33. Qc2 Qe6
34. Rxa8 Qxg4+ 35. Kf1 Qh3+ 36. Ke1 Qe6+ 37. Kd2 Rxa8 38. Qc8+ Kh7 39. Qxa8
Qa2+ 40. Rc2 Qa5+ 41. Kd1 Qa1+ 42. Ke2 Qxd4 43. d8=Q Qe5+ 44. Kd3 Qb5+ 45. Ke3
Qb3+ 1-0

[Event "DVM U20w 2014"]
[Site "Naumburg (Saale) GER"]
[Date "2014.12.28"]
[Round "3"]
[White "Greßmann, Hanna"]
[Black "Böhm, Jana"]
[Result "1/2-1/2"]
[Termination "normal"]
[Board "1.3"]
[WhiteElo "1691"]
[BlackElo "1827"]
[WhiteClock "00:02:53"]
[BlackClock "00:15:44"]
[WhiteTeam "BSV 63 Chemie Weißensee"]
[BlackTeam "SK Lehrte"]
[PlyCount "81"]
[WhiteFideId "12930709"]
[BlackFideId "24661589"]
[EventCountry "GER"]
[EventRounds "7"]
[EventType "team-swiss"]
[EventDate "2014.12.26"]

1. d4 Nf6 2. Nd2 d6 3. e4 c5 4. dxc5 dxc5 5. f4 Nc6 6. Ngf3 Ng4 7. Bd3 Nb4 8.
Qe2 Nxd3+ 9. Qxd3 Qxd3 10. cxd3 Ne3 11. Ke2 Nc2 12. Rb1 g6 13. b3 Bh6 14. Bb2
O-O 15. g3 Rd8 16. a3 b6 17. Rbc1 Nd4+ 18. Nxd4 cxd4 19. Rc4 Bg7 20. e5 Ba6 21.
Rxd4 f6 22. Nf3 fxe5 23. Nxe5 Rxd4 24. Bxd4 Rd8 25. Ke3 Bxe5 26. fxe5 Kf7 27.
Rc1 Rd7 28. Rc6 e6 29. b4 Bb7 30. Rc1 Bd5 31. Rf1+ Ke8 32. Rc1 Bb7 33. Rc2 Rf7
34. Ke2 Rd7 35. Ke3 Rf7 36. Ke2 Rd7 37. Bb2 Ba6 38. Rd2 Bb7 39. Ke3 Rf7 40. Rc2
Rd7 41. Rd2 1/2-1/2

[Event "DVM U20w 2014"]
[Site "Naumburg (Saale) GER"]
[Date "2014.12.28"]
[Round "3"]
[White "Manusina, Nicole"]
[Black "Lange, Cecilia"]
[Result "1-0"]
[Termination "normal"]
[Board "1.4"]
[WhiteElo "1869"]
[BlackElo "1582"]
[WhiteClock "00:28:37"]
[BlackClock "00:34:03"]
[WhiteTeam "SK Lehrte"]
[BlackTeam "BSV 63 Chemie Weißensee"]
[PlyCount "61"]
[WhiteFideId "24657514"]
[BlackFideId "12976040"]
[EventCountry "GER"]
[EventRounds "7"]
[EventType "team-swiss"]
[EventDate "2014.12.26"]

1. d4 d5 2. c4 e6 3. Nc3 Nf6 4. cxd5 exd5 5. Bg5 Be7 6. e3 O-O 7. Bd3 h6 8. Bh4
Re8 9. Nf3 Ne4 10. Bxe7 Nxc3 11. bxc3 Qxe7 12. Qb3 Rd8 13. O-O b6 14. c4 dxc4
15. Bxc4 Ba6 16. Rac1 Bxc4 17. Qxc4 Rc8 18. Rc2 Nd7 19. Qc6 Nf6 20. Rfc1 Qd8
21. e4 Kf8 22. Re1 Ng8 23. Qc4 c5 24. d5 f6 25. e5 fxe5 26. Nxe5 Rc7 27. Ng6+
Kf7 28. d6+ Kxg6 29. dxc7 Qxc7 30. Qe4+ Kf7 31. Qxa8 1-0

[Event "DVM U20w 2014"]
[Site "Naumburg (Saale) GER"]
[Date "2014.12.28"]
[Round "3"]
[White "Spangenberg, Romy"]
[Black "Kuckling, Hannah"]
[Result "1-0"]
[Termination "normal"]
[Board "2.1"]
[WhiteElo "1806"]
[BlackElo "1950"]
[WhiteClock "00:24:55"]
[BlackClock "00:28:45"]
[WhiteTeam "Chemnitzer SC Aufbau`95"]
[BlackTeam "SK Blauer Springer Paderborn"]
[PlyCount "91"]
[WhiteFideId "4627997"]
[BlackFideId "24603660"]
[EventCountry "GER"]
[EventRounds "7"]
[EventType "team-swiss"]
[EventDate "2014.12.26"]

1. e4 c5 2. Nf3 e6 3. d4 cxd4 4. Nxd4 Nc6 5. Nc3 Qc7 6. Be2 a6 7. Be3 Nf6 8. a3
Be7 9. O-O O-O 10. Kh1 d6 11. f4 Bd7 12. Qe1 Nxd4 13. Bxd4 e5 14. fxe5 dxe5 15.
Qg3 Ne8 16. Bxe5 Qd8 17. Rad1 Bh4 18. Rxd7 Bxg3 19. Rxd8 Rxd8 20. Bxg3 f6 21.
Bc4+ Kh8 22. Rd1 Rxd1+ 23. Nxd1 b5 24. Bd5 f5 25. e5 Nc7 26. Bb3 f4 27. Be1 Re8
28. Bc3 Ne6 29. Bxe6 Rxe6 30. Nf2 g5 31. Nd3 Kg8 32. Kg1 Kf7 33. Kf2 Rc6 34.
Kf3 Ke6 35. Kg4 h6 36. h4 Rc4 37. hxg5 f3+ 38. Kxf3 hxg5 39. g3 Kf5 40. Nf2 Ke6
41. Ne4 g4+ 42. Ke3 Rc8 43. Kf4 Rc4 44. b3 Rc7 45. Kxg4 Kd5 46. Kf5 1-0

[Event "DVM U20w 2014"]
[Site "Naumburg (Saale) GER"]
[Date "2014.12.28"]
[Round "3"]
[White "Gatzke, Carolin"]
[Black "Nitzsche, Pia"]
[Result "1-0"]
[Termination "normal"]
[Board "2.2"]
[WhiteElo "1695"]
[BlackElo "1702"]
[WhiteClock "00:20:42"]
[BlackClock "00:13:31"]
[WhiteTeam "SK Blauer Springer Paderborn"]
[BlackTeam "Chemnitzer SC Aufbau`95"]
[PlyCount "119"]
[WhiteFideId "12943746"]
[BlackFideId "12900370"]
[EventCountry "GER"]
[EventRounds "7"]
[EventType "team-swiss"]
[EventDate "2014.12.26"]

1. e4 c5 2. Nf3 d6 3. d4 cxd4 4. Nxd4 Nf6 5. f3 g6 6. c4 Bg7 7. Nc3 Nc6 8. Be3
O-O 9. Qd2 Bd7 10. Be2 a6 11. O-O Rc8 12. b3 Ne8 13. Nxc6 Bxc6 14. Rac1 Qd7 15.
Bb6 Nc7 16. Rfd1 Na8 17. Be3 Rfd8 18. Bf1 b5 19. Nd5 Bxd5 20. Qxd5 Nc7 21. Qd2
Ne6 22. Qa5 Qb7 23. cxb5 axb5 24. Qxb5 Qa8 25. Qe2 Qa5 26. Qa6 Qxa6 27. Bxa6
Ra8 28. Rc6 Rdb8 29. Rdc1 Nd4 30. Rc8+ Rxc8 31. Rxc8+ Rxc8 32. Bxc8 Nc6 33. Bb7
Na5 34. Ba8 Kf8 35. Kf1 Bc3 36. Ke2 Ke8 37. Bd2 Bxd2 38. Kxd2 Kd7 39. Kc3 Kc7
40. Bd5 e6 41. b4 Nc6 42. b5 Na5 43. Kb4 Kb6 44. Bc4 Nb7 45. a4 Na5 46. Ba2 Nb7
47. f4 h6 48. g4 Na5 49. h4 Nb7 50. f5 g5 51. hxg5 hxg5 52. fxe6 fxe6 53. Bxe6
Nc5 54. a5+ Kc7 55. Bf5 Kb7 56. e5 dxe5 57. Kxc5 Ka7 58. b6+ Kb7 59. a6+ Ka8
60. a7 1-0

[Event "DVM U20w 2014"]
[Site "Naumburg (Saale) GER"]
[Date "2014.12.28"]
[Round "3"]
[White "Hartewig, Anja"]
[Black "Möller, Lisa-Marie"]
[Result "1-0"]
[Termination "normal"]
[Board "2.3"]
[WhiteElo "1806"]
[BlackElo "1475"]
[WhiteTeam "Chemnitzer SC Aufbau`95"]
[BlackTeam "SK Blauer Springer Paderborn"]
[PlyCount "71"]
[WhiteFideId "12917966"]
[BlackFideId "12959367"]
[EventCountry "GER"]
[EventRounds "7"]
[EventType "team-swiss"]
[EventDate "2014.12.26"]

1. d4 c5 2. d5 Nf6 3. c4 e5 4. dxe6 fxe6 5. Nc3 d5 6. cxd5 exd5 7. Nf3 Nc6 8.
g3 Be7 9. Bg2 O-O 10. O-O a6 11. Bg5 Be6 12. a3 Rc8 13. Qc2 Nd4 14. Qd1 Nxf3+
15. Bxf3 d4 16. Nb1 Bd5 17. Nd2 Re8 18. Rc1 Bxf3 19. Nxf3 Ne4 20. Bf4 Bd6 21.
Bxd6 Qxd6 22. Qd3 Re7 23. Nxd4 Ree8 24. Qc4+ Kf8 25. Nf3 b5 26. Qc2 Qf6 27.
Rcd1 c4 28. Rd4 Ng5 29. Nxg5 Qxg5 30. Qxh7 Qh6 31. Rf4+ Ke7 32. Qe4+ Kd8 33.
Rd1+ Kc7 34. Rf7+ Kb6 35. Rb7+ Ka5 36. b4+ 1-0

[Event "DVM U20w 2014"]
[Site "Naumburg (Saale) GER"]
[Date "2014.12.28"]
[Round "3"]
[White "Walow, Xenia"]
[Black "Fischer, Franziska"]
[Result "0-1"]
[Termination "normal"]
[Board "2.4"]
[WhiteElo "1445"]
[BlackElo "1764"]
[WhiteTeam "SK Blauer Springer Paderborn"]
[BlackTeam "Chemnitzer SC Aufbau`95"]
[PlyCount "68"]
[WhiteFideId "12971839"]
[BlackFideId "12924199"]
[EventCountry "GER"]
[EventRounds "7"]
[EventType "team-swiss"]
[EventDate "2014.12.26"]

1. d4 d5 2. Bf4 Nf6 3. Nf3 e6 4. e3 c5 5. c3 Bd6 6. Ne5 O-O 7. Bd3 c4 8. Bc2
Qc7 9. Nd2 Nc6 10. Ndf3 Ne4 11. Bg3 f6 12. Nxc6 bxc6 13. Bxe4 dxe4 14. Nd2 Bxg3
15. hxg3 Qa5 16. Nxe4 Qd5 17. f3 Rb8 18. Qe2 e5 19. dxe5 fxe5 20. Rd1 Qf7 21.
Nd6 Qg6 22. g4 Ba6 23. Nxc4 Qe6 24. b3 Bxc4 25. bxc4 Rb7 26. O-O Rfb8 27. Rd2
e4 28. Rfd1 Rb1 29. f4 Qf6 30. Rc2 Qd6 31. Rxb1 Rxb1+ 32. Kf2 Qh6 33. Kg3 Rh1
34. f5 Qh2+ 0-1

[Event "DVM U20w 2014"]
[Site "Naumburg (Saale) GER"]
[Date "2014.12.28"]
[Round "3"]
[White "Halas, Lena"]
[Black "Reck, Jessica"]
[Result "1-0"]
[Termination "normal"]
[Board "3.1"]
[WhiteElo "1656"]
[BlackElo "1638"]
[WhiteTeam "USG Chemnitz"]
[BlackTeam "Leegebrucher Schachfreunde"]
[PlyCount "85"]
[WhiteFideId "12931799"]
[BlackFideId "12917931"]
[EventCountry "GER"]
[EventRounds "7"]
[EventType "team-swiss"]
[EventDate "2014.12.26"]

1. e4 g6 2. d4 Bg7 3. f4 d5 4. e5 h5 5. Nf3 Nh6 6. Bd3 Bf5 7. Qe2 Bxd3 8. Qxd3
c6 9. O-O Nd7 10. Ng5 e6 11. Nxe6 fxe6 12. Qxg6+ Kf8 13. Qxe6 Qe7 14. f5 Qf7
15. Qd6+ Qe7 16. Qxe7+ Kxe7 17. Bg5+ Ke8 18. f6 Bxf6 19. Bxf6 Rf8 20. Bg5 Rxf1+
21. Kxf1 Nf5 22. c3 Kf7 23. Nd2 Rg8 24. Nf3 Ke6 25. Re1 Nb6 26. b3 Nd7 27. Ke2
b6 28. g3 Nf8 29. Kd3 Nh7 30. Bf4 Rg4 31. h3 Rg8 32. Rg1 h4 33. g4 Ng7 34. Nxh4
Nh5 35. Ng2 Nxf4+ 36. Nxf4+ Ke7 37. h4 Nf8 38. g5 Ne6 39. Nxe6 Kxe6 40. Rf1 Rg7
41. Rf6+ Kd7 42. Rd6+ Kc7 43. g6 1-0

[Event "DVM U20w 2014"]
[Site "Naumburg (Saale) GER"]
[Date "2014.12.28"]
[Round "3"]
[White "Wolff, Marie Antoinette"]
[Black "Kluge, Leyla"]
[Result "1-0"]
[Termination "normal"]
[Board "3.2"]
[WhiteElo "1651"]
[BlackElo "1625"]
[WhiteTeam "Leegebrucher Schachfreunde"]
[BlackTeam "USG Chemnitz"]
[PlyCount "69"]
[WhiteFideId "12908258"]
[BlackFideId "12918172"]
[EventCountry "GER"]
[EventRounds "7"]
[EventType "team-swiss"]
[EventDate "2014.12.26"]

1. c4 c5 2. Nc3 Nc6 3. Nf3 g6 4. g3 Bg7 5. Bg2 e6 6. O-O Nge7 7. a3 d6 8. Rb1
O-O 9. b4 cxb4 10. axb4 f5 11. d4 a6 12. e3 b5 13. cxb5 axb5 14. Nxb5 Ba6 15.
Ng5 Bxb5 16. Nxe6 Qc8 17. Nxf8 Bxf1 18. Qxf1 Bxf8 19. b5 Rb8 20. Ba3 Na5 21.
Bxd6 Rb6 22. Bc5 Rf6 23. Ra1 Nb7 24. Qc4+ Kg7 25. Qc1 Nd6 26. Ra8 Qd7 27. b6
Ne4 28. Ra7 Qd8 29. b7 Qb8 30. Qb2 Nc6 31. Bxf8+ Rxf8 32. Ra8 Qd6 33. d5+ Kg8
34. Rxf8+ Kxf8 35. dxc6 1-0

[Event "DVM U20w 2014"]
[Site "Naumburg (Saale) GER"]
[Date "2014.12.28"]
[Round "3"]
[White "Oltmanns, Bianca"]
[Black "Sauer, Annika"]
[Result "1-0"]
[Termination "normal"]
[Board "3.3"]
[WhiteElo "1746"]
[BlackElo "1582"]
[WhiteTeam "USG Chemnitz"]
[BlackTeam "Leegebrucher Schachfreunde"]
[PlyCount "95"]
[WhiteFideId "24698008"]
[BlackFideId "12952052"]
[EventCountry "GER"]
[EventRounds "7"]
[EventType "team-swiss"]
[EventDate "2014.12.26"]

1. e4 d5 2. exd5 Qxd5 3. Nc3 Qa5 4. Bc4 Bf5 5. d3 c6 6. Qe2 e6 7. g4 Bg6 8. h4
h5 9. g5 Bb4 10. Bd2 Ne7 11. O-O-O Nd7 12. Nh3 Nb6 13. Bb3 Nbd5 14. Ne4 Bxd2+
15. Nxd2 O-O-O 16. Nc4 Qc7 17. Ne5 Rdf8 18. Nxg6 Nxg6 19. Rde1 Ndf4 20. Nxf4
Nxf4 21. Qe4 Re8 22. Qd4 Ng2 23. Re4 e5 24. Qxa7 f5 25. gxf6 gxf6 26. Qc5 Nf4
27. f3 Qd7 28. Qf2 Qxd3 29. Rxf4 Qd6 30. Ra4 Rd8 31. Ra8+ Kc7 32. Rxd8 Rxd8 33.
c3 f5 34. Rd1 Qh6+ 35. Kc2 Rxd1 36. Kxd1 Qg7 37. Bc2 f4 38. Bb3 Kd6 39. Qd2+
Ke7 40. Qf2 Kd6 41. Bc2 Ke6 42. Be4 Kd6 43. Ke1 Qf7 44. b3 Qg7 45. Kf1 Ke6 46.
Qg2 Qxg2+ 47. Kxg2 Kf6 48. Kf2 1-0

[Event "DVM U20w 2014"]
[Site "Naumburg (Saale) GER"]
[Date "2014.12.28"]
[Round "3"]
[White "Wagner, Swenja"]
[Black "Schwendel, Marleen"]
[Result "1-0"]
[Termination "normal"]
[Board "3.4"]
[WhiteElo "1588"]
[BlackElo "938"]
[WhiteTeam "Leegebrucher Schachfreunde"]
[BlackTeam "USG Chemnitz"]
[PlyCount "69"]
[WhiteFideId "12900494"]
[BlackFideId "16200357"]
[EventCountry "GER"]
[EventRounds "7"]
[EventType "team-swiss"]
[EventDate "2014.12.26"]

1. e4 e6 2. d3 d5 3. Nd2 Nc6 4. Ngf3 Bc5 5. g3 Nf6 6. Bg2 dxe4 7. dxe4 Nxe4 8.
Nxe4 Qxd1+ 9. Kxd1 O-O 10. Nxc5 b6 11. Nd3 Rd8 12. Ke2 Ba6 13. Rd1 Rd5 14. Kf1
Rad8 15. Nfe1 R5d6 16. Bf4 e5 17. Bxc6 Rxc6 18. Bxe5 f6 19. Bc3 Bc8 20. Nb4
Rcd6 21. Rxd6 Rxd6 22. Ng2 c5 23. Nd3 c4 24. Ndf4 g5 25. Ne2 Bg4 26. Ne3 Bh3+
27. Kg1 f5 28. Rd1 Rg6 29. Rd8+ Kf7 30. Rd7+ Ke6 31. Rxh7 Bg4 32. Nxg4 fxg4 33.
h4 gxh3 34. Rxh3 g4 35. Nf4+ 1-0

[Event "DVM U20w 2014"]
[Site "Naumburg (Saale) GER"]
[Date "2014.12.28"]
[Round "3"]
[White "Peters, Theresa"]
[Black "Bachem, Lisa"]
[Result "1-0"]
[Termination "normal"]
[Board "4.1"]
[WhiteElo "1616"]
[BlackElo "1457"]
[WhiteTeam "SV 1919 Grimma"]
[BlackTeam "TTC Grün-Weiß Fritzdorf"]
[PlyCount "83"]
[WhiteFideId "12952192"]
[BlackFideId "12909912"]
[EventCountry "GER"]
[EventRounds "7"]
[EventType "team-swiss"]
[EventDate "2014.12.26"]

1. e4 c5 2. Nf3 d6 3. d4 cxd4 4. Nxd4 Nf6 5. Nc3 e6 6. Be3 a6 7. Be2 Be7 8. Qd2
Qc7 9. f4 Nbd7 10. f5 e5 11. Nb3 b5 12. O-O Bb7 13. Bf3 Nb6 14. Na5 Nc4 15.
Nxc4 Qxc4 16. b3 Qc7 17. Nd5 Nxd5 18. exd5 Rc8 19. Be4 f6 20. Rf3 Qc3 21. Qd1
Qb4 22. Qd3 Qc3 23. Qxc3 Rxc3 24. a4 b4 25. a5 Rc8 26. Ra4 Kd7 27. Rxb4 Kc7 28.
Bb6+ Kb8 29. Rf2 Rc3 30. Bd3 Ka8 31. Bc4 Bd8 32. Kf1 Re8 33. Ke1 e4 34. Bd4 e3
35. Re2 Rxc2 36. Rxc2 Bxa5 37. Bc3 Bxb4 38. Bxb4 Re5 39. Bxd6 Rxf5 40. Re2 Bxd5
41. Rxe3 Kb7 42. g4 1-0

[Event "DVM U20w 2014"]
[Site "Naumburg (Saale) GER"]
[Date "2014.12.28"]
[Round "3"]
[White "Sturm, Johanna"]
[Black "Neumann, Isabel"]
[Result "0-1"]
[Termination "normal"]
[Board "4.2"]
[WhiteElo "1635"]
[BlackElo "1626"]
[WhiteTeam "TTC Grün-Weiß Fritzdorf"]
[BlackTeam "SV 1919 Grimma"]
[PlyCount "86"]
[WhiteFideId "12909904"]
[BlackFideId "12964468"]
[EventCountry "GER"]
[EventRounds "7"]
[EventType "team-swiss"]
[EventDate "2014.12.26"]

1. e4 c5 2. Nf3 e6 3. Nc3 a6 4. d4 cxd4 5. Nxd4 Qc7 6. Be3 Nf6 7. h3 b5 8. Bd3
Bb7 9. a3 Be7 10. O-O O-O 11. Nde2 d6 12. Ng3 Nbd7 13. Nh5 Nb6 14. Re1 Rfe8 15.
Rb1 Nc4 16. Bg5 Nxh5 17. Qxh5 Bxg5 18. Qxg5 Nxa3 19. Rbc1 Nc4 20. Bxc4 Qxc4 21.
Qe3 Qc6 22. f3 Rec8 23. Re2 a5 24. Kh1 b4 25. Nd1 a4 26. Ra1 Qc5 27. Qxc5 Rxc5
28. Rd2 d5 29. exd5 Bxd5 30. Ne3 Kf8 31. Nxd5 Rxd5 32. Rxd5 exd5 33. Kg1 Ke7
34. Kf2 Kd6 35. Ke3 Kc5 36. Kd3 a3 37. bxa3 bxa3 38. Kc3 a2 39. Kb2 Kc4 40.
Rxa2 Rxa2+ 41. Kxa2 Kc3 42. Kb1 Kd2 43. Kb2 d4 0-1

[Event "DVM U20w 2014"]
[Site "Naumburg (Saale) GER"]
[Date "2014.12.28"]
[Round "3"]
[White "Könze, Heike"]
[Black "Schüll, Annika"]
[Result "1-0"]
[Termination "normal"]
[Board "4.3"]
[WhiteElo "1561"]
[BlackElo "1362"]
[WhiteTeam "SV 1919 Grimma"]
[BlackTeam "TTC Grün-Weiß Fritzdorf"]
[PlyCount "97"]
[WhiteFideId "12964476"]
[BlackFideId "16200365"]
[EventCountry "GER"]
[EventRounds "7"]
[EventType "team-swiss"]
[EventDate "2014.12.26"]

1. e4 c5 2. Nf3 d6 3. d4 cxd4 4. Nxd4 Nc6 5. Be3 Nf6 6. Nc3 e6 7. Bb5 Bd7 8.
Qd2 a6 9. Be2 e5 10. Nb3 Be6 11. f3 d5 12. exd5 Nxd5 13. Nxd5 Qxd5 14. O-O-O
Rd8 15. Qc3 Bb4 16. Rxd5 Bxc3 17. Rxd8+ Kxd8 18. bxc3 Kc7 19. Rd1 f6 20. Kb2
Ne7 21. Nc5 Bd5 22. c4 Bc6 23. Ne6+ Kc8 24. g3 Nf5 25. Bb6 Re8 26. Rd8+ Rxd8
27. Nxd8 Kd7 28. Nxc6 Kxc6 29. Bf2 Nd4 30. Bd1 b5 31. c3 Ne6 32. cxb5+ axb5 33.
Kb3 Nc5+ 34. Bxc5 Kxc5 35. Be2 h6 36. Bd3 g5 37. g4 b4 38. cxb4+ Kd4 39. Be4
Ke3 40. b5 h5 41. gxh5 g4 42. fxg4 Kxe4 43. h6 Kd3 44. h7 e4 45. h8=Q e3 46.
Qxf6 e2 47. Qe5 Kd2 48. Qd4+ Ke1 49. Kc3 1-0

[Event "DVM U20w 2014"]
[Site "Naumburg (Saale) GER"]
[Date "2014.12.28"]
[Round "3"]
[White "Heyer, Anne Ricarda"]
[Black "Hagenbeck-Hübert, Lara"]
[Result "0-1"]
[Termination "normal"]
[Board "4.4"]
[WhiteElo "1022"]
[BlackElo "1512"]
[WhiteTeam "TTC Grün-Weiß Fritzdorf"]
[BlackTeam "SV 1919 Grimma"]
[PlyCount "78"]
[WhiteFideId "16200373"]
[BlackFideId "12964484"]
[EventCountry "GER"]
[EventRounds "7"]
[EventType "team-swiss"]
[EventDate "2014.12.26"]

1. e4 e5 2. Nf3 Nc6 3. Bc4 Nf6 4. Nc3 Nxe4 5. Nxe4 d5 6. Bxd5 Qxd5 7. Nc3 Qd8
8. d3 Bc5 9. h3 O-O 10. O-O Bf5 11. Be3 Bb6 12. Na4 Re8 13. Nxb6 axb6 14. Ng5
h6 15. Ne4 Qd7 16. Qh5 Bg6 17. Qh4 Ne7 18. Qg3 f5 19. Nc3 f4 20. Bxf4 exf4 21.
Qxf4 Rf8 22. Qc4+ Kh8 23. Rae1 Bf5 24. Qh4 Rf6 25. Re5 Ng6 26. Qg3 Nxe5 27.
Qxe5 Re8 28. Qg3 Rg6 29. Qf3 Bxh3 30. Ne2 Bxg2 31. Qxg2 Rxg2+ 32. Kxg2 Rxe2 33.
Kf3 Re5 34. Kg3 Qf7 35. f3 Rg5+ 36. Kf2 Qf4 37. Rg1 Qd2+ 38. Kf1 Re5 39. Rg2
Re1# 0-1

[Event "DVM U20w 2014"]
[Site "Naumburg (Saale) GER"]
[Date "2014.12.28"]
[Round "3"]
[White "Wilke, Tabea"]
[Black "Hund, Sarah"]
[Result "1-0"]
[Termination "normal"]
[Board "5.1"]
[WhiteElo "1722"]
[BlackElo "1809"]
[WhiteTeam "SC 1979 Hattersheim"]
[BlackTeam "SK Freiburg Zähringen"]
[PlyCount "81"]
[WhiteFideId "12910015"]
[BlackFideId "12923338"]
[EventCountry "GER"]
[EventRounds "7"]
[EventType "team-swiss"]
[EventDate "2014.12.26"]

1. e4 e5 2. Nf3 Nc6 3. Bb5 a6 4. Ba4 Nf6 5. d3 Bc5 6. O-O b5 7. Bb3 d6 8. c3
O-O 9. Nbd2 Bb6 10. Re1 Ne7 11. Nf1 Ng6 12. Ng3 Kh8 13. h3 h6 14. d4 Bb7 15.
Bd2 c5 16. d5 c4 17. Bc2 Nd7 18. Nf5 Nc5 19. Qc1 Bc8 20. Bxh6 Bxf5 21. exf5 Nh4
22. Nxh4 Qxh4 23. Bg5 Qh5 24. f6 Rg8 25. fxg7+ Kxg7 26. Be7 f6 27. Bxd6 Nb7 28.
Ba3 Kf7 29. Kh1 Bxf2 30. Rf1 Bh4 31. Be4 Rg7 32. d6 Ke8 33. Qd1 Qxd1 34. Raxd1
Rd8 35. Bc6+ Rdd7 36. Bxd7+ Kxd7 37. Rf3 Nd8 38. Kh2 e4 39. Re3 f5 40. Rf1 Rg5
41. g3 1-0

[Event "DVM U20w 2014"]
[Site "Naumburg (Saale) GER"]
[Date "2014.12.28"]
[Round "3"]
[White "Denz, Annika"]
[Black "Rosmanitz, Anna"]
[Result "0-1"]
[Termination "normal"]
[Board "5.2"]
[WhiteElo "1500"]
[BlackElo "1601"]
[WhiteTeam "SK Freiburg Zähringen"]
[BlackTeam "SC 1979 Hattersheim"]
[PlyCount "124"]
[WhiteFideId "12922935"]
[BlackFideId "12910058"]
[EventCountry "GER"]
[EventRounds "7"]
[EventType "team-swiss"]
[EventDate "2014.12.26"]

1. e4 e5 2. Nf3 Nc6 3. Bc4 Nf6 4. Nc3 Nxe4 5. Nxe4 d5 6. Bd3 dxe4 7. Bxe4 Qf6
8. O-O Bg4 9. Qe1 Bd6 10. d4 Bxf3 11. dxe5 Nxe5 12. Bxf3 O-O-O 13. Qe3 Kb8 14.
Qb3 Nxf3+ 15. Qxf3 Qxf3 16. gxf3 Rhe8 17. Be3 Re6 18. Kh1 Be5 19. Rad1 Red6 20.
Rxd6 Rxd6 21. Re1 b6 22. b3 Rf6 23. Bg5 Rf5 24. Bh4 g5 25. Bg3 Bxg3 26. fxg3
Rxf3 27. Kg2 Rf6 28. Re5 h6 29. c4 Kb7 30. g4 Kc6 31. Kg3 Kd6 32. Re3 c5 33.
Re8 Re6 34. Rh8 Ke5 35. Rh7 Rf6 36. h4 Ke4 37. hxg5 hxg5 38. Rg7 Rf3+ 39. Kg2
f6 40. Rxa7 Kf4 41. Rb7 Kxg4 42. Rxb6 f5 43. Rg6 Rd3 44. Kf1 Kf3 45. Ke1 g4 46.
Rg5 f4 47. Rxc5 g3 48. Rg5 g2 49. c5 Re3+ 50. Kd2 Kf2 51. c6 g1=Q 52. Rxg1 Kxg1
53. c7 Re8 54. b4 f3 55. b5 f2 56. b6 f1=Q 57. Kc3 Qf6+ 58. Kc4 Qxb6 59. a4
Qxc7+ 60. Kb4 Rb8+ 61. Ka3 Qa7 62. a5 Qxa5# 0-1

[Event "DVM U20w 2014"]
[Site "Naumburg (Saale) GER"]
[Date "2014.12.28"]
[Round "3"]
[White "Neisius, Laura"]
[Black "Bajorski, Maria Sophie"]
[Result "0-1"]
[Termination "normal"]
[Board "5.3"]
[WhiteElo "1372"]
[BlackElo "1511"]
[WhiteTeam "SC 1979 Hattersheim"]
[BlackTeam "SK Freiburg Zähringen"]
[PlyCount "97"]
[WhiteFideId "12910040"]
[BlackFideId "24654531"]
[EventCountry "GER"]
[EventRounds "7"]
[EventType "team-swiss"]
[EventDate "2014.12.26"]

1. e4 e5 2. Nf3 Nc6 3. Bb5 a6 4. Bxc6 dxc6 5. d4 exd4 6. Qxd4 Qxd4 7. Nxd4 Bc5
8. Be3 Bb6 9. Nd2 Nf6 10. h3 Bd7 11. c3 h6 12. O-O O-O-O 13. Rfe1 Rhe8 14. f3
Kb8 15. b4 Bc8 16. Nc4 Ba7 17. Rab1 Nd7 18. a4 Ne5 19. Na5 Rd6 20. b5 cxb5 21.
axb5 axb5 22. Rxb5 b6 23. Bf4 f6 24. Nac6+ Kb7 25. Nxe5 fxe5 26. Bxe5 Rg6 27.
g4 c6 28. Rb2 Rxe5 29. Kg2 Rc5 30. Rc2 h5 31. Nf5 Bxf5 32. exf5 Rxf5 33. Re7+
Ka6 34. Ra2+ Ra5 35. Rxa7+ Kxa7 36. Rc2 hxg4 37. hxg4 Rc5 38. Ra2+ Kb7 39. Ra3
Rd6 40. Kg3 Rd3 41. Kf4 Rdxc3 42. Rxc3 Rxc3 43. Ke4 Rc5 44. f4 Kc7 45. g5 Kd7
46. f5 Ke7 47. Kf4 Kf7 48. Ke4 Rd5 49. Kf4 0-1

[Event "DVM U20w 2014"]
[Site "Naumburg (Saale) GER"]
[Date "2014.12.28"]
[Round "3"]
[White "Antusch, Isabella"]
[Black "Goldhausen, Nina"]
[Result "1/2-1/2"]
[Termination "normal"]
[Board "5.4"]
[WhiteElo "1235"]
[BlackElo "1179"]
[WhiteTeam "SK Freiburg Zähringen"]
[BlackTeam "SC 1979 Hattersheim"]
[PlyCount "93"]
[WhiteFideId "12963941"]
[BlackFideId "12927309"]
[EventCountry "GER"]
[EventRounds "7"]
[EventType "team-swiss"]
[EventDate "2014.12.26"]

1. e4 c6 2. d4 d5 3. exd5 cxd5 4. Bd3 Nc6 5. c3 Nf6 6. Bf4 e6 7. Nf3 Bd6 8.
Bxd6 Qxd6 9. h3 h6 10. O-O O-O 11. Re1 Qc7 12. Nbd2 b6 13. Qc2 Bb7 14. Nf1 Nb8
15. N1h2 Nbd7 16. Ne5 Qc8 17. Nhg4 Nxg4 18. hxg4 Nxe5 19. Rxe5 Qd7 20. g3 g6
21. Kg2 f6 22. Ree1 f5 23. Rh1 Kg7 24. Rh4 Rh8 25. Rah1 Rh7 26. Qd2 Rah8 27.
Qf4 Qf7 28. g5 hxg5 29. Qe5+ Kg8 30. Qxh8+ Kxh8 31. Rxh7+ Qxh7 32. Rxh7+ Kxh7
33. f3 Kg7 34. c4 dxc4 35. Bxc4 Bd5 36. Bxd5 exd5 37. a4 Kf6 38. Kf2 Ke6 39.
Ke3 a5 40. Kd3 Kd6 41. Kc3 Kc7 42. b4 Kc8 43. Kb3 Kc7 44. Ka3 Kd6 45. Kb2 Ke6
46. b5 Kf6 47. Kc2 1/2-1/2

[Event "DVM U20w 2014"]
[Site "Naumburg (Saale) GER"]
[Date "2014.12.28"]
[Round "3"]
[White "Wiesner, Paula"]
[Black "Eue, Vicky"]
[Result "1-0"]
[Termination "normal"]
[Board "6.1"]
[WhiteElo "1902"]
[BlackElo "1616"]
[WhiteTeam "Karlsruher SF 1853"]
[BlackTeam "SV "Glück auf" Rüdersdorf"]
[PlyCount "93"]
[WhiteFideId "24654019"]
[BlackFideId "12945838"]
[EventCountry "GER"]
[EventRounds "7"]
[EventType "team-swiss"]
[EventDate "2014.12.26"]

1. d4 Nf6 2. c4 g6 3. Nc3 d5 4. cxd5 Nxd5 5. e4 Nxc3 6. bxc3 Bg7 7. Bc4 c5 8.
Ne2 O-O 9. O-O Nc6 10. Be3 Na5 11. Bb3 c4 12. Bc2 b5 13. a4 a6 14. axb5 axb5
15. Qd2 Re8 16. f4 Bb7 17. Ng3 e6 18. Rab1 Qd7 19. Rf2 f5 20. Re2 Bf8 21. d5
exd5 22. exf5 Qc6 23. fxg6 hxg6 24. f5 Rxe3 25. Rxe3 Bc5 26. Rbe1 Nb3 27. Qf2
Bxe3 28. Rxe3 Ra1+ 29. Nf1 d4 30. Re6 Qd5 31. Be4 Qxe4 32. Rxe4 Bxe4 33. fxg6
Bxg6 34. Qg3 d3 35. Qxg6+ Kf8 36. Kf2 Ra2+ 37. Kg3 Ra5 38. Nd2 Nxd2 39. Qh6+
Ke7 40. Qxd2 Kd6 41. Qf4+ Kc6 42. h4 Ra2 43. h5 Kb6 44. Qd4+ Kc6 45. h6 d2 46.
h7 Ra8 47. Qxd2 1-0